|
|
|
|
| LEADER |
01287nam a22003497a 4500 |
| 001 |
mzk03001040080 |
| 003 |
CZ BrMZK |
| 005 |
20130304124111.0 |
| 007 |
ta |
| 008 |
061107s1729 au fr|||||00| ||latod |
| 040 |
|
|
|a BOA001
|b cze
|c BOA001
|
| 072 |
|
7 |
|a 094
|x Staré tisky
|2 Konspekt
|9 12
|
| 080 |
|
|
|a (0.068)094
|2 MRF
|
| 100 |
1 |
|
|a Briet, Philippe,
|d 1601-1668
|7 mzk2008464128
|4 aut
|
| 245 |
1 |
0 |
|a Indiculus temporum Ex Annalibus Mundi ... Brevi compendio excerptus, In usum DD. Academicorum In ... Universitate Viennensi Erecti recens Studii Historici Auditorum. Opere ... Josephi Pichler ...
|
| 260 |
|
|
|a Viennae :
|b Wolffg. Schwendimann,
|c 1729
|
| 300 |
|
|
|a [20], 270 s. ;
|c 1729
|
| 500 |
|
|
|a Výzdoba: Iniciály
|
| 510 |
3 |
|
|a DNB
|
| 510 |
4 |
|
|a Backer, A. - Sommervogel, C. Bibliotheque de la Compagnie de Jésus,
|c VI, sl. 714
|
| 653 |
|
|
|a dějiny světové
|
| 655 |
|
7 |
|a staré tisky
|7 fd422076
|2 czenas
|
| 700 |
1 |
|
|a Pichler, Joseph,
|d 1682-1742
|4 oth
|
| 903 |
|
|
|a RP
|
| 910 |
|
|
|a BOA001
|b ST1-0484.582
|
| 978 |
|
|
|b Schwendimann, Wolfgang
|a Wien
|c 1729
|
| 984 |
|
|
|a Vídeň
|b Rakousko
|
| 985 |
|
|
|a 1701-1750
|
| 990 |
|
|
|a BK
|
| 993 |
|
|
|a Y
|
| 991 |
|
|
|k mzk
|
| 996 |
6 |
|
|b 2619290576
|c ST1-0484.582
|l stud. ST
|r Sklad / do násl. otevíracího dne
|n 0
|w 001040853
|u 000010
|a 1
|e BOA001
|s P
|